The Power Of Habit (Record no. 332195)

MARC details
000 -LEADER
fixed length control field 00485nam a2200169Ia 4500
008 - FIXED-LENGTH DATA ELEMENTS--GENERAL INFORMATION
fixed length control field 230718s9999 xx 000 0 und d
020 ## - INTERNATIONAL STANDARD BOOK NUMBER
International Standard Book Number 9780434020362
041 ## - LANGUAGE CODE
Language code of text/sound track or separate title eng
082 ## - DEWEY DECIMAL CLASSIFICATION NUMBER
Classification number 158.1
Item number DUH
100 ## - MAIN ENTRY--PERSONAL NAME
Personal name Duhigg C.
9 (RLIN) 194473
245 ## - TITLE STATEMENT
Title The Power Of Habit
Remainder of title Why We Do What We Do And How To Change
260 ## - PUBLICATION, DISTRIBUTION, ETC. (IMPRINT)
Date of publication, distribution, etc. 2012
Name of publisher, distributor, etc. William Heinemann
300 ## - PHYSICAL DESCRIPTION
Extent 371
365 ## - TRADE PRICE
Currency code Rs.
Price amount 599.00
700 ## - ADDED ENTRY--PERSONAL NAME
Personal name Duhigg C.
9 (RLIN) 194473
906 ## - LOCAL DATA ELEMENT F, LDF (RLIN)
d O:0333215-Mar-2013B:284208-Mar-2013
c GENRL
b 131.78
Holdings
Withdrawn status Lost status Damaged status Not for loan Home library Current library Date acquired Vendor Budget Code Cost, normal purchase price Bill number Total Checkouts Full call number Barcode Date last seen Date last checked out Discount Cost, replacement price Bill Date Koha item type Original Barcode
        Cummins College of Engineering for Women Pune Cummins College of Engineering for Women Pune 15/03/2013 Technical Book Services GENRL 467.22 2842 12 158.1 CCEP-BK-43402 11/03/2026 27/02/2026 131.78 599.00 08/03/2013 Books 043402